クラシック三冠馬 - Statistics

General Stats
  • This quiz has been taken 16 times
  • The average score is 6 of 8
Answer Stats
達成順 騎手 馬名 % Correct
6 2005年 武豊 ディープインパクト
93%
1 1941年 小西喜蔵 セントライト
80%
2 1964年 栗田勝 シンザン
80%
4 1984年 岡部幸雄 シンボリルドルフ
80%
8 2020年 福永祐一 コントレイル
80%
3 1983年 吉永正人 ミスターシービー
73%
5 1994年 南井克巳 ナリタブライアン
67%
7 2011年 池添謙一 オルフェーヴル
67%
No matching quizzes found
Score Distribution
Percent of People with Each Score
Percentile by Number Answered
Your Score History
You have not taken this quiz